000
00303nam a2200109Ia 4500
008
201216s9999 xx 000 0 und d
100
_a
Dubrin, Andrew
245
0
_a
Fundamentals of Organization Behaviour: An applied perspective
260
_a
Englewood Cliffs
_b
Prentice Hall
300
_a
499
942
_c
BK
999
_c
6572
_d
6572